Kỹ thuật trồng Mai

Hướng dẫn cách trồng và chăm sóc mai kiểng

সংরক্ষণ করুন:
গ্রন্থ-পঞ্জীর বিবরন
বিন্যাস: গ্রন্থ
ভাষা:Undetermined
প্রকাশিত: Hà Nội Văn hóa Thông tin 2009
বিষয়গুলি:
ট্যাগগুলো: ট্যাগ যুক্ত করুন
কোনো ট্যাগ নেই, প্রথমজন হিসাবে ট্যাগ করুন!
Thư viện lưu trữ: Trung tâm Học liệu Trường Đại học Cần Thơ
LEADER 00629nam a2200193Ia 4500
001 CTU_215649
008 210402s9999 xx 000 0 und d
020 |c 26000 
082 |a 635.9 
082 |b K600 
245 0 |a Kỹ thuật trồng Mai 
245 0 |c Trần Văn Mười, Nguyễn Thanh Minh (Biên soạn) 
260 |a Hà Nội 
260 |b Văn hóa Thông tin 
260 |c 2009 
520 |a Hướng dẫn cách trồng và chăm sóc mai kiểng 
650 |a Floriculture,Trồng hoa kiểng 
904 |i Nguyên 
980 |a Trung tâm Học liệu Trường Đại học Cần Thơ